Sobre verdad y mentira en sentido extramoral

Saved in:
Bibliografiske detaljer
Hovedforfatter: Vaihinger, Hans (Author)
Format: Bog
Sprog:spansk
Udgivet: Madrid Tecnos 1998
Udgivelse:4a. ed
Serier:Cudernos de Filosofía y Ensayo
Fag:
Tags: Tilføj Tag
Ingen Tags, Vær først til at tagge denne postø!

MARC

LEADER 00000nam a2200000 a 4500
001 UCO0586
003 CL-VaPUC
008 000420e19980000SP |||||||||||||||||spa|d
082 0 4 |a 111.8  |b NIE  |2 21 
700 0 |a Vaihinger, Hans  |e author  |9 441919 
245 1 0 |a Sobre verdad y mentira en sentido extramoral 
246 1 3 |a La voluntad de ilusión en Nietzsche 
250 |a 4a. ed 
300 |a 90 p 
942 |c BK 
945 |d 20000420 00:00:00  |a rbrito 
260 |a Madrid  |b Tecnos  |c 1998 
650 0 |a Verdad  |9 313815 
583 |a last modification  |c 20000420 00:00:00  |k Rodrigo Vera 
490 0 |a Cudernos de Filosofía y Ensayo 
999 |c 287243  |d 287241 
952 |0 0  |1 0  |4 0  |6 111_800000000000000_NIE_1998  |7 0  |8 A  |9 333744  |a BIBEDU  |b BIBEDU  |d 2019-11-20  |i 3612309  |o 111.8 NIE 1998  |p 3612309  |r 2019-11-20  |w 2019-11-20  |y BK  |k FIL